| 000 | 00626nam a2200193 i 4500 | ||
|---|---|---|---|
| 001 | 64628 | ||
| 003 | ES-MaACL | ||
| 005 | 20230906165156.0 | ||
| 007 | t| | ||
| 008 | 031230s1958 sp ||||1| spa d | ||
| 100 | 1 |
_aFord, Robert. _951712 |
|
| 245 | 1 | 0 |
_aPrisionero en el Tibet / _cRobert Ford ; [traducción de Mª Dolores Raich Ullán]. |
| 250 | _a[1ª ed.]. | ||
| 260 |
_aBarcelona : _bJuventud, _c[1958] ( _fAtenas) |
||
| 300 |
_a303 p., 5 lám. ; _c22 cm. |
||
| 651 | 4 |
_aTíbet- _xHistoria- _yS.XX- _vRelatos personales. _9158289 |
|
| 700 | 1 |
_aRaich Ullán, María Dolores. _995020 |
|
| 852 |
_aES-MaACL _jC-15353 _bR.43183 |
||
| 999 |
_c64628 _d64628 |
||